|
|
|
|
| LEADER |
00000nam a2200000Ia 4500 |
| 008 |
180226b1997 cl ||||| |||| 00| | spa d |
| 999 |
|
|
|c 1548
|d 1548
|
| 090 |
|
|
|a 06.02.01
|b 253
|
| 100 |
1 |
|
|a Hanson, Mark
|9 3400
|
| 245 |
1 |
0 |
|a Descentralización educacional : problemas y desafíos /
|c Mark Hanson
|
| 260 |
|
|
|a Santiago de Chile :
|b PREAL,
|c 1997.
|
| 300 |
|
|
|a 22 páginas
|
| 490 |
|
|
|a Documentos no.9
|
| 650 |
1 |
4 |
|a EDUCACIÓN
|9 1
|
| 650 |
1 |
4 |
|a DESCENTRALIZACIÓN
|9 2184
|
| 650 |
1 |
4 |
|a SISTEMAS DE ENSEÑANZA
|9 401
|
| 650 |
1 |
4 |
|a APRENDIZAJE
|9 387
|
| 650 |
1 |
4 |
|a ESCUELAS
|9 300
|
| 942 |
|
|
|i 00328 ,00327
|h 06.02.01 253
|2 z
|c 01
|